00768nam a22002417a 450000500170000001000150001702000340003203500140006603700090008008200110008910000210010024500360012124600060015726000450016327000150020830000200022350000410024365000280028465000330031294200250034599900190037095201370038920240909112447.0 aENG-141280 c380.00a9788170589624 (Vol.4) aEN-124812 bDBAD a181.45 aAurobindo971287 aLetters on yoga /cby Aurobindo b  aPondichery bSri Aurobindo Ashram c2015 bPondichery a820p.c21cm(Pb) aIncludes bibliographical references  aYoga -- Letters 971288 aRealisations of yoga 971289 2ddccENh181.45mAUR c205699d205699 00103Vol-440708NFICaBNbBNd2024-09-09eDBADg380.00l0o181.45 AURpEN-124812r2024-09-09 00:00:00t 1v380.00w2024-09-09yEN